Hermi Friedmann /
Uloženo v:
| Hlavní autor: | |
|---|---|
| Další autoři: | |
| Médium: | Elektronický zdroj E-kniha |
| Jazyk: | španělština |
| Vydáno: |
Bogotá D.C., Colombia :
Sello Editorial IDPC,
[2025]
|
| Témata: | |
| On-line přístup: | Digitalia Hispánica |
| Tagy: |
Přidat tag
Žádné tagy, Buďte první, kdo vytvoří štítek k tomuto záznamu!
|
MARC
| LEADER | 00000nam a2200000 i 4500 | ||
|---|---|---|---|
| 001 | DIGIDPC0081 | ||
| 003 | NyNyDIG | ||
| 007 | cr ||||||||||| | ||
| 008 | 260522s2025 ck o ob 000 0 spa d | ||
| 006 | m o d | ||
| 035 | |a (OCoLC)1592616600 | ||
| 040 | |a DGITA |b eng |e rda |e pn |c DGITA | ||
| 020 | |a 9786289726015 |q digital | ||
| 020 | |z 9786289726008 |q impreso | ||
| 043 | |a s-ck--- | ||
| 050 | 1 | 4 | |a TR650 ebook |
| 100 | 1 | |a Friedmann, Hermi, |e photographer. | |
| 245 | 1 | 0 | |a Hermi Friedmann / |c textos, Susana Friedmann [and 3 others]. |
| 264 | 1 | |a Bogotá D.C., Colombia : |b Sello Editorial IDPC, |c [2025] | |
| 300 | |a 1 online resource : |b photographs. | ||
| 336 | |a text |b txt |2 rdacontent | ||
| 337 | |a computer |b c |2 rdamedia | ||
| 338 | |a online resource |b cr |2 rdacarrier | ||
| 347 | |a text file |2 rdaft | ||
| 347 | |b PDF | ||
| 504 | |a Includes bibliographical references. | ||
| 588 | 0 | |a Online resource; title from PDF title page (Digitalia, viewed May 22, 2026) | |
| 600 | 1 | 0 | |a Friedmann, Hermi. |
| 650 | 0 | |a Photography |z Colombia |y 20th century. | |
| 700 | 1 | |a Friedmann, Susana, |e author. | |
| 791 | 2 | |a Digitalia (Firm), |e distributor. | |
| 793 | 0 | |g Digitalia eBook Collection: |a Instituto Distrital de Patrimonio Cultural | |
| 776 | 0 | 8 | |i Print version: |a Friedmann, Hermi. |t Hermi Friedmann. |d Bogotá D.C., Colombia : Sello Editorial IDPC, [2025] |z 9786289726008 |
| 856 | 4 | 0 | |3 Digitalia Hispánica |u https://digitalia.unach.elogim.com/a/189599/ |
| 910 | |a Premium collection: 2026 | ||